[Event "PRO League Group Stage"]
[Site "chess.com INT"]
[Date "2020.01.09"]
[Round "1"]
[White "Moiseenko, Alexander"]
[Black "Admiraal, Miguoel"]
[Result "1-0"]
[WhiteTitle "GM"]
[BlackTitle "IM"]
[WhiteElo "2620"]
[BlackElo "2498"]
[WhiteTeam "Italy Gladiators"]
[BlackTeam "Netherlands Mosquitoes"]
[WhiteFideId "14102560"]
[BlackFideId "1019716"]
[EventDate "2020.01.06"]

1. d4 d5 2. c4 c6 3. Nc3 Nf6 4. Nf3 dxc4 5. a4 Bf5 6. Nh4 e6 7. Nxf5 exf5 8. e3
Bb4 9. Bxc4 O-O 10. Qc2 Qa5 11. O-O Nbd7 12. Na2 Ne4 13. Nxb4 Qxb4 14. Bd3 Rfe8
15. f3 Nd6 16. a5 Nb5 17. Bxf5 Nf6 18. a6 bxa6 19. Bd2 1-0

[Event "PRO League Group Stage"]
[Site "chess.com INT"]
[Date "2020.01.09"]
[Round "1"]
[White "Klein, David"]
[Black "Lodici, Lorenzo"]
[Result "0-1"]
[WhiteTitle "GM"]
[BlackTitle "IM"]
[WhiteElo "2495"]
[BlackElo "2477"]
[WhiteTeam "Netherlands Mosquitoes"]
[BlackTeam "Italy Gladiators"]
[WhiteFideId "1003623"]
[BlackFideId "884189"]
[EventDate "2020.01.06"]

1. e4 e5 2. Nf3 Nc6 3. Bb5 a6 4. Ba4 Nf6 5. O-O Nxe4 6. d4 b5 7. Bb3 d5 8. dxe5
Be6 9. Be3 Be7 10. Nbd2 Nc5 11. c3 Nxb3 12. axb3 O-O 13. h3 f6 14. Nd4 Nxd4 15.
Bxd4 fxe5 16. Bxe5 c5 17. Qe2 Bf5 18. Rfe1 Rf7 19. Nf1 d4 20. Ng3 Bg6 21. Kh2
Qd5 22. cxd4 cxd4 23. Rad1 d3 24. Qg4 Rxf2 25. Nh1 Rf5 26. Qg3 Rg5 27. Qf3 Qxf3
28. gxf3 Rxe5 29. Rxe5 Bd6 30. f4 Bxe5 31. fxe5 Re8 32. Nf2 Rxe5 33. Nxd3 Rd5
34. Nf2 Rxd1 35. Nxd1 Bc2 36. Nc3 Bxb3 37. Ne4 a5 38. Kg3 Bd5 39. Nd2 a4 40. Kf4
b4 41. Ke5 Bg2 42. h4 a3 43. bxa3 bxa3 44. Kd4 a2 45. Nb3 Kf7 46. Na1 Kg6 47.
Kc3 Kh5 48. Nc2 Bd5 49. Kb2 Kxh4 50. Ne3 Be6 51. Ng2+ Kg3 52. Ne3 h5 53. Nc2 h4
54. Nd4 h3 55. Ne2+ Kg4 56. Nc1 h2 57. Ka1 h1=Q 58. Kb2 a1=Q+ 59. Kxa1 Qxc1# 0-1

[Event "PRO League Group Stage"]
[Site "chess.com INT"]
[Date "2020.01.09"]
[Round "1"]
[White "Ducarmon, Quinten"]
[Black "Valsecchi, Alessio"]
[Result "1-0"]
[WhiteTitle "IM"]
[BlackTitle "GM"]
[WhiteElo "2486"]
[BlackElo "2512"]
[WhiteTeam "Netherlands Mosquitoes"]
[BlackTeam "Italy Gladiators"]
[WhiteFideId "1025007"]
[BlackFideId "818860"]
[EventDate "2020.01.06"]

1. e4 e6 2. d4 d5 3. Nd2 c5 4. Ngf3 Nc6 5. c3 cxd4 6. cxd4 dxe4 7. Nxe4 Nf6 8.
Bd3 Be7 9. O-O O-O 10. Nc3 b6 11. a3 Bb7 12. Re1 Rc8 13. Bc2 Na5 14. Ne5 Nc4 15.
Qd3 Nxe5 16. Rxe5 g6 17. Bh6 Re8 18. h3 Rc7 19. Rae1 Rd7 20. Ba4 Rxd4 21. Qe3
Rxa4 22. Nxa4 Bd6 23. Nc3 Nd7 24. Rg5 Qf6 25. Rd1 Bc5 26. Qg3 Bd4 27. Nb5 e5 28.
Rg4 Nc5 29. Nxd4 exd4 30. Rgxd4 Ne6 31. Rd7 Bc6 32. R7d6 Ba4 33. Re1 Qxb2 34. h4
Qb5 35. Re5 Qb1+ 36. Kh2 Qc2 37. h5 Bb3 38. Re3 Ba2 39. Qe5 f6 40. Qxf6 Qc7 41.
g3 Qf7 42. Qxf7+ Kxf7 43. Rd7+ Re7 44. Red3 Bc4 45. Rd2 g5 46. R2d6 b5 47. Rxe7+
Kxe7 48. Ra6 Bd3 49. Rxa7+ Kf6 50. f3 Ke5 51. Kg2 Kd6 52. Bg7 g4 53. h6 gxf3+
54. Kxf3 Bg6 55. Ke3 Kd5 56. Bf6 Nc5 57. Kf4 Nd3+ 58. Ke3 Nc5 59. Rg7 Bb1 60. g4
Ke6 61. g5 Nd7 62. Bb2 Nb6 63. g6 Nd5+ 64. Kf2 Nf4 65. gxh7 Bxh7 66. Rxh7 Nd3+
67. Ke3 Nxb2 68. Rc7 1-0

[Event "PRO League Group Stage"]
[Site "chess.com INT"]
[Date "2020.01.09"]
[Round "1"]
[White "Braun, Arik"]
[Black "Forcen Esteban, Daniel"]
[Result "1-0"]
[WhiteTitle "GM"]
[BlackTitle "GM"]
[WhiteElo "2605"]
[BlackElo "2548"]
[WhiteTeam "Germany Bears"]
[BlackTeam "Spain Raptors"]
[WhiteFideId "4663527"]
[BlackFideId "2288230"]
[EventDate "2020.01.06"]

1. d4 Nf6 2. c4 g6 3. Nc3 Bg7 4. e4 O-O 5. Nf3 d6 6. h3 e5 7. d5 a5 8. g4 Na6 9.
Bg5 Qe8 10. Nd2 Nd7 11. Rg1 Kh8 12. Bd3 Ndc5 13. Bb1 f5 14. gxf5 gxf5 15. exf5
Bxf5 16. Bxf5 Rxf5 17. Nde4 Qg6 18. Rg4 Rf7 19. Qe2 Nb4 20. Be3 Qh5 21. Bxc5
dxc5 22. O-O-O Qxh3 23. a3 Rf4 24. Rg3 Qh4 25. Kb1 Na6 26. Rdg1 Bh6 27. Ng5 e4
28. Ncxe4 Raf8 29. Rh3 Rxe4 30. Qxe4 Qxe4+ 31. Nxe4 Bg7 32. Ng5 Rxf2 33. Rxh7+
Kg8 34. Rxg7+ 1-0

[Event "PRO League Group Stage"]
[Site "chess.com INT"]
[Date "2020.01.09"]
[Round "1"]
[White "Korobov, Anton"]
[Black "Sosa, Tomas ARG"]
[Result "1-0"]
[WhiteTitle "GM"]
[BlackTitle "IM"]
[WhiteElo "2685"]
[BlackElo "2508"]
[WhiteTeam "Germany Bears"]
[BlackTeam "Spain Raptors"]
[WhiteFideId "14105730"]
[BlackFideId "121576"]
[EventDate "2020.01.06"]

1. d4 Nf6 2. c4 e6 3. Nf3 b6 4. g3 Bb7 5. Bg2 Bb4+ 6. Bd2 a5 7. O-O O-O 8. Nc3
d6 9. Qc2 Nbd7 10. Rad1 Qe7 11. d5 Bxc3 12. Bxc3 e5 13. Nh4 g6 14. Qc1 Nc5 15.
b3 Nfe4 16. Bb2 f5 17. f4 Rae8 18. Nf3 Qg7 19. Ne1 Qh6 20. Nd3 Nxd3 21. exd3 Nf6
22. Rde1 Ng4 23. h3 Nf6 24. Qc3 Nd7 25. Re3 g5 26. Rfe1 gxf4 27. gxf4 Qxf4 28.
d4 e4 29. Bc1 Qh4 30. Rg3+ Kh8 31. Bg5 Qh5 32. Rf1 h6 33. Bc1 Rg8 34. Qe3 Rxg3
35. Qxg3 Rf8 36. Kh1 Nf6 37. Qf4 Nh7 38. c5 Rf6 39. cxb6 cxb6 40. Ba3 Qg6 41.
Rc1 Bxd5 42. Rc8+ Kg7 43. Rc7+ Kh8 44. Rd7 Re6 45. Bxd6 Nf8 46. Be5+ 1-0

[Event "PRO League Group Stage"]
[Site "chess.com INT"]
[Date "2020.01.09"]
[Round "1"]
[White "Diaz Camallonga, Carles"]
[Black "Mons, Leon"]
[Result "1/2-1/2"]
[WhiteTitle "IM"]
[BlackTitle "GM"]
[WhiteElo "2474"]
[BlackElo "2554"]
[WhiteTeam "Spain Raptors"]
[BlackTeam "Germany Bears"]
[WhiteFideId "22235256"]
[BlackFideId "4614950"]
[EventDate "2020.01.06"]

1. e4 e5 2. Nf3 Nc6 3. Bb5 a6 4. Ba4 Nf6 5. O-O Be7 6. d3 b5 7. Bb3 d6 8. Bd2
O-O 9. h3 Bb7 10. Re1 h6 11. a3 Qd7 12. Nc3 Nd8 13. Nd5 Nxd5 14. exd5 c5 15.
dxc6 Nxc6 16. Bd5 Bf6 17. Bc3 Ne7 18. Bxb7 Qxb7 19. d4 Nd5 20. Ba5 Rfe8 21. Qd3
Nf4 22. Qf5 Qc8 23. Qxc8 Raxc8 24. Bd2 Nd5 25. c3 Nb6 26. dxe5 dxe5 27. Be3 Nc4
28. Re2 Red8 29. a4 b4 30. cxb4 e4 31. Ne1 Bxb2 32. Rb1 Bd4 33. Bxd4 Rxd4 34. b5
axb5 35. axb5 Rb8 36. Rb4 Rbd8 37. b6 Na5 38. Rxd4 Rxd4 39. Ra2 Rd5 40. Nc2 Rb5
41. Nd4 Rb1+ 42. Kh2 Nc4 43. Ra8+ Kh7 44. Re8 Rxb6 1/2-1/2

[Event "PRO League Group Stage"]
[Site "chess.com INT"]
[Date "2020.01.09"]
[Round "1"]
[White "Herrera Reyes, Jose Antonio"]
[Black "Kollars, Dmitrij"]
[Result "0-1"]
[WhiteTitle "FM"]
[BlackTitle "GM"]
[WhiteElo "2304"]
[BlackElo "2592"]
[WhiteTeam "Spain Raptors"]
[BlackTeam "Germany Bears"]
[WhiteFideId "2274914"]
[BlackFideId "12909572"]
[EventDate "2020.01.06"]

1. Nf3 d5 2. g3 Bg4 3. Bg2 Nd7 4. d3 Ngf6 5. O-O e5 6. c4 dxc4 7. dxc4 c6 8. Qc2
Bc5 9. b4 Bxb4 10. Qb2 Bxf3 11. exf3 Bc5 12. Qxb7 Bd4 13. Ba3 Bxa1 14. Qxc6 Bd4
15. f4 Rc8 16. Qa4 Bc5 17. fxe5 Ng4 18. Bxc5 Rxc5 19. e6 fxe6 20. Rd1 Nf6 21.
Bc6 Qc8 22. Bb5 a6 23. Bxa6 Qa8 24. Nc3 O-O 25. Bb5 Qxa4 26. Nxa4 Rc7 27. Rd6
Kf7 28. Nc3 Ke7 29. Rd2 Ne5 30. Rd4 Nf3+ 0-1

[Event "PRO League Group Stage"]
[Site "chess.com INT"]
[Date "2020.01.09"]
[Round "1"]
[White "Spoelman, Wouter"]
[Black "Moiseenko, Alexander"]
[Result "0-1"]
[WhiteTitle "GM"]
[BlackTitle "GM"]
[WhiteElo "2578"]
[BlackElo "2620"]
[WhiteTeam "Netherlands Mosquitoes"]
[BlackTeam "Italy Gladiators"]
[WhiteFideId "1010891"]
[BlackFideId "14102560"]
[EventDate "2020.01.06"]

1. Nf3 Nf6 2. c4 e6 3. b3 d5 4. Bb2 b6 5. e3 Bd6 6. Nc3 a6 7. Be2 Bb7 8. Qc2 O-O
9. g4 c5 10. g5 Ne8 11. cxd5 exd5 12. d4 cxd4 13. Nxd4 Nc6 14. Nxc6 Bxc6 15. Rg1
d4 16. exd4 Bxh2 17. Rg4 g6 18. O-O-O Bd7 19. Rg2 Bf4+ 20. Kb1 Bxg5 21. Rdg1 Bf6
22. Bc4 Bg7 23. Rh2 Bf5 24. Bd3 Bxd3 25. Qxd3 Nf6 26. Ne4 Nxe4 27. Qxe4 Re8 28.
Qh1 Re2 29. Bc3 Rc8 30. Rg3 Qe8 31. f4 Rxh2 32. Qxh2 Qe4+ 33. Kb2 Rxc3 34. Kxc3
Qxd4+ 35. Kc2 Qb2+ 36. Kd3 Qxh2 0-1

[Event "PRO League Group Stage"]
[Site "chess.com INT"]
[Date "2020.01.09"]
[Round "1"]
[White "Admiraal, Miguoel"]
[Black "Moroni, Luca Jr"]
[Result "1-0"]
[WhiteTitle "IM"]
[BlackTitle "GM"]
[WhiteElo "2498"]
[BlackElo "2532"]
[WhiteTeam "Netherlands Mosquitoes"]
[BlackTeam "Italy Gladiators"]
[WhiteFideId "1019716"]
[BlackFideId "865834"]
[EventDate "2020.01.06"]

1. d4 Nf6 2. Bg5 e6 3. e4 h6 4. Bxf6 Qxf6 5. c3 d5 6. Bd3 Qd8 7. Nf3 c5 8. O-O
dxe4 9. Bxe4 Be7 10. d5 Qc7 11. Na3 O-O 12. Nb5 Qb6 13. c4 exd5 14. Bxd5 Nc6 15.
Qd2 Bf6 16. Nd6 Nb4 17. Ne4 Nxd5 18. cxd5 Bf5 19. Nxf6+ Qxf6 20. Rac1 b6 21. b4
Be4 22. bxc5 Bxf3 23. gxf3 Qxf3 24. Rc3 Qf6 25. c6 Rad8 26. c7 Rxd5 27. Qxd5
Qxc3 28. Qd7 Qc4 29. Rd1 Kh7 30. h3 Qc2 31. Qd8 Re8 32. Kg2 Qc6+ 33. Kg1 Qc2 34.
Qd7 g6 35. Qxf7+ Kh8 36. Qxe8+ 1-0

[Event "PRO League Group Stage"]
[Site "chess.com INT"]
[Date "2020.01.09"]
[Round "1"]
[White "Valsecchi, Alessio"]
[Black "Klein, David"]
[Result "1-0"]
[WhiteTitle "GM"]
[BlackTitle "GM"]
[WhiteElo "2512"]
[BlackElo "2495"]
[WhiteTeam "Italy Gladiators"]
[BlackTeam "Netherlands Mosquitoes"]
[WhiteFideId "818860"]
[BlackFideId "1003623"]
[EventDate "2020.01.06"]

1. c4 e6 2. Nc3 d5 3. d4 Be7 4. Nf3 Nf6 5. Bg5 h6 6. Bxf6 Bxf6 7. e3 O-O 8. Qc2
b6 9. O-O-O Bb7 10. cxd5 exd5 11. h4 c5 12. g4 cxd4 13. Nxd4 Nc6 14. g5 Nxd4 15.
exd4 hxg5 16. hxg5 Bxg5+ 17. Kb1 g6 18. Bd3 Kg7 19. Rhg1 Qf6 20. f4 Qxf4 21.
Rdf1 Qd2 22. Nb5 Rad8 23. Bxg6 fxg6 24. Qc7+ Kg8 25. Rxf8+ Rxf8 26. a4 Bc8 27.
Ka2 Bf5 28. Qc6 Rd8 29. Nd6 Rxd6 30. Qxd6 Qxd4 31. Rxg5 Qxa4+ 32. Qa3 Qc4+ 33.
b3 Qf4 34. Rg2 Qe4 35. Rb2 a5 36. Qd6 Qe6 37. Qd8+ Kg7 38. Rh2 Bh3 39. Qh4 Qg4
40. Qxh3 Qxh3 41. Rxh3 Kf6 42. Rc3 Ke5 43. Rc6 g5 44. Rxb6 g4 45. Kb2 g3 46. Rg6
Kf4 47. Kc3 Kf3 48. Kd4 g2 49. Kxd5 Kf2 50. Kc5 g1=Q 51. Rxg1 Kxg1 52. Kb5 Kf2
53. Kxa5 Ke3 54. b4 Kd4 55. b5 Kc5 56. Ka6 Kd6 57. b6 Kd7 58. b7 Kc7 59. Ka7 1-0

[Event "PRO League Group Stage"]
[Site "chess.com INT"]
[Date "2020.01.09"]
[Round "1"]
[White "Lodici, Lorenzo"]
[Black "Ducarmon, Quinten"]
[Result "1-0"]
[WhiteTitle "IM"]
[BlackTitle "IM"]
[WhiteElo "2477"]
[BlackElo "2486"]
[WhiteTeam "Italy Gladiators"]
[BlackTeam "Netherlands Mosquitoes"]
[WhiteFideId "884189"]
[BlackFideId "1025007"]
[EventDate "2020.01.06"]

1. e4 c6 2. d4 d5 3. exd5 cxd5 4. Bd3 Nc6 5. c3 Qc7 6. Ne2 Bg4 7. O-O e6 8. Qe1
Bd6 9. f3 Bh5 10. Qh4 Bg6 11. Bxg6 fxg6 12. Bf4 Nf6 13. Na3 a6 14. Rae1 O-O 15.
Bxd6 Qxd6 16. Nc2 Rae8 17. Nf4 e5 18. Nd3 e4 19. fxe4 Nxe4 20. Rxf8+ Rxf8 21.
Ne3 Nf6 22. Qf4 Qd8 23. Qg5 Re8 24. Ng4 Nxg4 25. Qxg4 Rxe1+ 26. Nxe1 Qe7 27. Kf2
Na5 28. Qf3 Qg5 29. b3 Nc6 30. Ke2 h6 31. Nd3 Kh7 32. g3 Qe7+ 33. Kd1 Qa3 34.
Qe2 a5 35. Nf4 a4 36. Qc2 axb3 37. Qxg6+ Kh8 38. Ne6 Qe7 39. axb3 Na5 40. Kc2 b5
41. Qf5 Qd7 42. Qe5 b4 43. Qb8+ Kh7 44. Nf8+ 1-0

[Event "PRO League Group Stage"]
[Site "chess.com INT"]
[Date "2020.01.09"]
[Round "1"]
[White "Forcen Esteban, Daniel"]
[Black "Korobov, Anton"]
[Result "0-1"]
[WhiteTitle "GM"]
[BlackTitle "GM"]
[WhiteElo "2548"]
[BlackElo "2685"]
[WhiteTeam "Spain Raptors"]
[BlackTeam "Germany Bears"]
[WhiteFideId "2288230"]
[BlackFideId "14105730"]
[EventDate "2020.01.06"]

1. c4 e6 2. Nf3 d5 3. e3 Nf6 4. b3 c5 5. Bb2 Nc6 6. cxd5 exd5 7. Bb5 Qb6 8. Be2
d4 9. O-O Be7 10. d3 dxe3 11. fxe3 O-O 12. Nc3 h6 13. e4 Be6 14. Na4 Qd8 15. Rc1
b6 16. Qd2 Rc8 17. h3 Qc7 18. Qe3 Qg3 19. Qf2 Nh5 20. Ne5 Nxe5 21. Bxh5 Qxf2+ 0-1

[Event "PRO League Group Stage"]
[Site "chess.com INT"]
[Date "2020.01.09"]
[Round "1"]
[White "Sosa, Tomas ARG"]
[Black "Braun, Arik"]
[Result "0-1"]
[WhiteTitle "IM"]
[BlackTitle "GM"]
[WhiteElo "2508"]
[BlackElo "2605"]
[WhiteTeam "Spain Raptors"]
[BlackTeam "Germany Bears"]
[WhiteFideId "121576"]
[BlackFideId "4663527"]
[EventDate "2020.01.06"]

1. d4 d5 2. c4 e6 3. Nc3 a6 4. cxd5 exd5 5. Qb3 c6 6. Nf3 Nf6 7. Bg5 Be7 8. e3
O-O 9. Bd3 Nbd7 10. O-O-O Re8 11. Kb1 b5 12. Ne2 Ne4 13. Bxe4 dxe4 14. Bxe7 Qxe7
15. Nd2 Nf6 16. Nc3 Be6 17. Qc2 Bd5 18. Nxd5 cxd5 19. Rc1 Qe6 20. Nb3 Rec8 21.
Qd2 Qg4 22. Rhg1 Rxc1+ 23. Qxc1 Rc8 24. Qd2 h5 25. h3 Qd7 26. Nc5 Qd6 27. Rc1
Qh2 28. Qa5 Qxg2 29. Qxa6 Qxh3 30. Qxb5 h4 31. a4 Qg2 32. a5 h3 33. a6 h2 34.
Qb7 Rf8 35. a7 h1=Q 36. Rxh1 Qxh1+ 37. Ka2 Qf1 38. a8=Q Rxa8+ 39. Qxa8+ Kh7 40.
Qf8 Kg6 41. Qd6 Qxf2 42. Nd7 Qxe3 43. Ne5+ Kh7 44. Nxf7 Qxd4 45. Ng5+ Kg6 46.
Ne6 Qc4+ 47. Kb1 Qf1+ 48. Ka2 Qf2 49. Nf4+ Kf5 50. Nxd5 Nxd5 51. Qxd5+ Kf4 52.
Qf7+ Ke3 53. Qxg7 Ke2 54. Qh7 Kd3 55. Ka3 Qf3 56. b3 Kc2 57. Qh2+ Kd1 58. Qg1+
Ke2 59. Kb2 e3 60. b4 Qf2 61. Qb1 Qf6+ 62. Kb3 Qe6+ 63. Ka4 Qa6+ 64. Kb3 Qd3+ 0-1

[Event "PRO League Group Stage"]
[Site "chess.com INT"]
[Date "2020.01.09"]
[Round "1"]
[White "Kollars, Dmitrij"]
[Black "Diaz Camallonga, Carles"]
[Result "1/2-1/2"]
[WhiteTitle "GM"]
[BlackTitle "IM"]
[WhiteElo "2592"]
[BlackElo "2474"]
[WhiteTeam "Germany Bears"]
[BlackTeam "Spain Raptors"]
[WhiteFideId "12909572"]
[BlackFideId "22235256"]
[EventDate "2020.01.06"]

1. e4 e6 2. d4 d5 3. Nd2 c5 4. exd5 exd5 5. Ngf3 Nc6 6. Bb5 Qe7+ 7. Be2 Qc7 8.
O-O Nf6 9. Re1 cxd4 10. Nf1 Bb4 11. Bd2 Bxd2 12. Qxd2 O-O 13. Nxd4 Nxd4 14. Qxd4
Qxc2 15. Bf3 Qc4 16. Qe5 Be6 17. Ne3 Qb5 18. Rad1 Rfd8 19. g4 Nd7 20. Qd4 Nb6
21. b3 Rac8 22. h4 Qc5 23. Kg2 Qxd4 24. Rxd4 Kf8 25. Kg3 Rc3 26. g5 Rdc8 27. h5
Rc1 28. Rdd1 Rxd1 29. Rxd1 Ke7 30. Bxd5 Bxd5 31. Nxd5+ Nxd5 32. Rxd5 Rc2 33. Rb5
b6 34. a4 f6 35. f4 fxg5 36. fxg5 Ke6 37. a5 bxa5 38. Rxa5 Rc3+ 39. Kf4 Rxb3 40.
Rxa7 Rb4+ 41. Ke3 Rh4 42. Ra6+ Kf5 43. Ra5+ Kg4 44. g6 hxg6 45. hxg6 Rh6 46. Ra6
Kg5 47. Kf3 Rxg6 48. Rxg6+ Kxg6 49. Kg4 Kf6 50. Kf4 Ke6 51. Kg5 Kf7 52. Kf5 g6+
53. Kg5 Kg7 54. Kg4 Kf6 55. Kf4 g5+ 56. Kg4 Kg6 57. Kg3 Kf5 58. Kf3 g4+ 59. Kg3
Kg5 60. Kg2 Kf4 61. Kf2 g3+ 62. Kg2 Kg4 63. Kg1 Kf3 64. Kf1 Kf4 65. Kg2 Kg4 66.
Kg1 Kh3 67. Kh1 g2+ 68. Kg1 Kg3 1/2-1/2

[Event "PRO League Group Stage"]
[Site "chess.com INT"]
[Date "2020.01.09"]
[Round "1"]
[White "Mons, Leon"]
[Black "Herrera Reyes, Jose Antonio"]
[Result "1-0"]
[WhiteTitle "GM"]
[BlackTitle "FM"]
[WhiteElo "2554"]
[BlackElo "2304"]
[WhiteTeam "Germany Bears"]
[BlackTeam "Spain Raptors"]
[WhiteFideId "4614950"]
[BlackFideId "2274914"]
[EventDate "2020.01.06"]

1. Nf3 Nf6 2. c4 c5 3. e3 b6 4. d4 e6 5. Nc3 Bb7 6. d5 exd5 7. cxd5 d6 8. e4
Nbd7 9. Bd3 a6 10. a4 g6 11. O-O Bg7 12. Bf4 Qc7 13. h3 O-O 14. Re1 Rfe8 15. Qd2
Ne5 16. Nxe5 dxe5 17. Be3 Nh5 18. Rac1 Nf4 19. Bf1 Bc8 20. a5 b5 21. Ne2 c4 22.
b3 Nh5 23. bxc4 bxc4 24. Bb6 Qe7 25. Rxc4 Bd7 26. Rc7 Nf6 27. f3 Qf8 28. Bc5 Bh6
29. Qc3 Qg7 30. Be3 Bb5 31. Qd2 Bxe3+ 32. Qxe3 Nh5 33. Nc3 Bxf1 34. Rxf1 Qf6 35.
Rc6 Qd8 36. Rb6 Qe7 37. d6 Qh4 38. Nd5 Red8 39. Rc1 Kg7 40. Rc7 Qg3 41. Qf2 Qg5
42. Rbb7 Rf8 43. h4 Qd8 44. Nb6 Qxd6 45. Nxa8 Rxa8 46. Rxf7+ Kg8 47. Qa2 1-0

[Event "PRO League Group Stage"]
[Site "chess.com INT"]
[Date "2020.01.09"]
[Round "1"]
[White "Hammer, Jon Ludvig"]
[Black "Amin, Bassem"]
[Result "0-1"]
[WhiteTitle "GM"]
[BlackTitle "GM"]
[WhiteElo "2628"]
[BlackElo "2673"]
[WhiteTeam "Norway Gnomes"]
[BlackTeam "Sweden Wasabis"]
[WhiteFideId "1503707"]
[BlackFideId "10601457"]
[EventDate "2020.01.06"]

1. e4 e5 2. Nf3 Nc6 3. Bb5 a6 4. Ba4 Nf6 5. O-O Be7 6. Re1 b5 7. Bb3 d6 8. c3
O-O 9. h3 Nb8 10. d4 Nbd7 11. Nbd2 Bb7 12. Bc2 Re8 13. Nf1 Bf8 14. Ng3 g6 15. a4
c5 16. d5 c4 17. Bg5 Be7 18. Be3 Qc7 19. Rf1 Nc5 20. Nh2 h5 21. Nf3 Nfd7 22. Nd2
Bf8 23. Nxh5 gxh5 24. Qxh5 Bg7 25. f4 Nf6 26. Qh4 Qe7 27. fxe5 dxe5 28. Rf5 Nxd5
29. Bg5 f6 30. exd5 fxg5 31. Rxg5 Nd3 32. b3 Bxd5 33. bxc4 bxc4 34. Nxc4 Qc5+
35. Kh2 Bxc4 36. Rxg7+ Kxg7 37. Qg5+ Kf7 38. Rf1+ Ke6 39. Qg6+ Kd7 40. Bxd3 Bxd3
41. Qxd3+ Kc7 42. Qh7+ Re7 43. Qe4 Rb8 44. Rd1 Qc6 45. Qe3 Rg8 46. Rd2 Kb8 47.
g4 Ka8 48. Kg3 e4 49. Rb2 Rf8 50. Rb6 Qc7+ 51. Kg2 Qc4 52. Qe1 e3 53. Rd6 Qe4+
54. Kh2 Qe5+ 55. Kg2 Qxd6 56. Kg1 e2 57. Kg2 Rf1 58. Qh4 e1=Q 59. Qxe1 Rfxe1 60.
h4 Qd2+ 61. Kg3 Qe3+ 62. Kg2 Re2+ 63. Kh1 Qc1# 0-1

[Event "PRO League Group Stage"]
[Site "chess.com INT"]
[Date "2020.01.09"]
[Round "1"]
[White "Urkedal, Frode Olav Olsen"]
[Black "Meshkovs, Nikita"]
[Result "1-0"]
[WhiteTitle "GM"]
[BlackTitle "GM"]
[WhiteElo "2528"]
[BlackElo "2565"]
[WhiteTeam "Norway Gnomes"]
[BlackTeam "Sweden Wasabis"]
[WhiteFideId "1506102"]
[BlackFideId "11602740"]
[EventDate "2020.01.06"]

1. d4 Nf6 2. c4 e6 3. Nf3 b6 4. g3 Bb7 5. Bg2 Bb4+ 6. Bd2 Bxd2+ 7. Qxd2 O-O 8.
Nc3 Ne4 9. Qc2 Nxc3 10. Ng5 Ne4 11. Bxe4 Bxe4 12. Qxe4 Qxg5 13. Qxa8 Nc6 14. Qb7
Nxd4 15. Rd1 c5 16. e3 Nc2+ 17. Kd2 Nb4 18. a3 Nc6 19. Kc1 Qf5 20. Qxd7 Na5 21.
Qd3 Qxf2 22. Rhf1 Qg2 23. Kb1 h6 24. Rd2 Qh3 25. Rf4 e5 26. Rh4 Qe6 27. Qd5 Qf5+
28. Ka2 Qf6 29. Rh5 Re8 30. g4 g6 31. Rh3 e4 32. Rxh6 Kg7 33. g5 Qf1 34. Rc2 Qd3
35. Rh7+ Kxh7 36. Qxf7+ Kh8 37. Qxe8+ Kg7 38. Qe7+ Kg8 39. Qe6+ Kh7 40. Qf7+ Kh8
41. Qf8+ Kh7 42. Qh6+ Kg8 43. Qxg6+ Kh8 44. Qf6+ Kg8 45. Rc3 1-0

[Event "PRO League Group Stage"]
[Site "chess.com INT"]
[Date "2020.01.09"]
[Round "1"]
[White "Berg, Emanuel"]
[Black "Niemann, Hans Moke"]
[Result "0-1"]
[WhiteTitle "GM"]
[BlackTitle "IM"]
[WhiteElo "2544"]
[BlackElo "2465"]
[WhiteTeam "Sweden Wasabis"]
[BlackTeam "Norway Gnomes"]
[WhiteFideId "1704060"]
[BlackFideId "2093596"]
[EventDate "2020.01.06"]

1. e4 c5 2. Nf3 Nc6 3. d4 cxd4 4. Nxd4 Nf6 5. Nc3 d6 6. Bg5 e6 7. Qd2 a6 8.
O-O-O Bd7 9. f3 b5 10. Nxc6 Bxc6 11. Kb1 Be7 12. h4 Qb6 13. g4 Qb7 14. Bd3 h6
15. Be3 Nd7 16. Ne2 Ne5 17. Nd4 Rb8 18. Ka1 h5 19. g5 Nc4 20. Bxc4 bxc4 21. Rb1
Bd7 22. g6 fxg6 23. Qg2 O-O 24. Qxg6 Bf6 25. Qxh5 c3 26. b3 a5 27. a3 a4 28. b4
Qc7 29. Rhg1 Qc4 30. Rbd1 Rxb4 31. Rxg7+ Bxg7 32. Rg1 Rf7 33. Qa5 Rb2 34. Qd8+
Kh7 0-1

[Event "PRO League Group Stage"]
[Site "chess.com INT"]
[Date "2020.01.09"]
[Round "1"]
[White "Blomqvist, Erik"]
[Black "Kaasen, Tor Fredrik"]
[Result "1-0"]
[WhiteTitle "GM"]
[BlackTitle "IM"]
[WhiteElo "2539"]
[BlackElo "2382"]
[WhiteTeam "Sweden Wasabis"]
[BlackTeam "Norway Gnomes"]
[WhiteFideId "1709437"]
[BlackFideId "1516647"]
[EventDate "2020.01.06"]

1. e4 c5 2. Nf3 d6 3. Bb5+ Bd7 4. Bxd7+ Qxd7 5. c4 Nf6 6. Nc3 g6 7. d4 cxd4 8.
Nxd4 Bg7 9. f3 Nc6 10. Be3 O-O 11. O-O a6 12. Rc1 Nxd4 13. Bxd4 b5 14. Nd5 Nxd5
15. cxd5 Bxd4+ 16. Qxd4 Rfc8 17. Kf2 Rc7 18. Qb6 Rac8 19. Rxc7 Rxc7 20. Qxa6
Rc2+ 21. Kg3 h5 22. h4 b4 23. Rf2 Qc7 24. Qa4 Rxf2 25. Kxf2 Qc5+ 26. Kg3 Qd4 27.
Qe8+ Kg7 28. Qxe7 Qxb2 29. Qxd6 Qd2 30. Qe5+ Kg8 31. Kh2 Qe1 32. Qf6 Qd2 33. d6
Qc2 34. Qe7 Qd2 35. d7 Qf4+ 36. Kh3 1-0

[Event "PRO League Group Stage"]
[Site "chess.com INT"]
[Date "2020.01.09"]
[Round "1"]
[White "Klekowski, Maciej"]
[Black "Vachier-Lagrave, Maxime"]
[Result "0-1"]
[WhiteTitle "IM"]
[BlackTitle "GM"]
[WhiteElo "2515"]
[BlackElo "2770"]
[WhiteTeam "Poland Hussars"]
[BlackTeam "France Roosters"]
[WhiteFideId "1132717"]
[BlackFideId "623539"]
[EventDate "2020.01.06"]

1. c4 e5 2. g3 Nf6 3. Nc3 Bb4 4. Bg2 O-O 5. e4 d6 6. Nge2 Nc6 7. O-O a6 8. d3
Be6 9. Nd5 Bc5 10. Bg5 Bxd5 11. cxd5 Nd4 12. Rc1 h6 13. Bxf6 Nxe2+ 14. Qxe2 Qxf6
15. Bh3 g6 16. Kg2 Rae8 17. f4 exf4 18. gxf4 Qd4 19. Qd2 Rxe4 20. Rc4 Qe3 21.
Qxe3 Rxe3 22. b4 b5 23. Re4 Rxe4 24. dxe4 Bxb4 25. Bd7 Bc3 26. a3 Rb8 27. f5
gxf5 28. exf5 a5 29. Rf3 b4 30. axb4 axb4 31. Ba4 Kg7 32. Rh3 Ra8 33. Bb3 Re8
34. Rg3+ Kf6 35. Rh3 Kg5 36. Rf3 Re2+ 37. Rf2 Rxf2+ 38. Kxf2 Kxf5 39. Kf3 Ke5
40. Ke3 f5 41. h3 f4+ 42. Kd3 Bd4 43. Bc4 f3 44. Bb3 f2 45. Ke2 Be3 46. Bc4 Kd4
47. Bb5 b3 0-1